Detalles MARC
| 000 -LÍDER |
| Campo fijo de descripción fija |
02128nam a2200433 a 4500 |
| 001 - NÚMERO DE CONTROL |
| Campo de control |
4900996 |
| 003 - IDENTIFICADOR DEL NÚMERO DE CONTROL |
| Campo de control |
CO-MdFUSB |
| 005 - FECHA Y HORA DE LA ULTIMA TRANSACCIÓN |
| control field |
20180622170417.0 |
| 008 - ELEMENTOS DE LONGITUD FIJA -- INFORMACIÓN GENERAL |
| Campo fijo de descripción fija -- Información general |
931208t19931961enk f b 001 0 eng |
| 010 ## - NÚMERO DE CONTROL DE LA BIBLIOTECA DEL CONGRESO |
| Número de control LC |
93241152 |
| 020 ## - NÚMERO INTERNACIONAL NORMALIZADO PARA LIBROS |
| Número Internacional Normalizado del libro |
0227679253 (v. 1) |
| 020 ## - NÚMERO INTERNACIONAL NORMALIZADO PARA LIBROS |
| Número Internacional Normalizado del libro |
0227679261 (v. 2) |
| 020 ## - NÚMERO INTERNACIONAL NORMALIZADO PARA LIBROS |
| Número Internacional Normalizado del libro |
022767927X (set) |
| 040 ## - FUENTE DE CATALOGACIÓN |
| Agencia de catalogación original |
DLC |
| Agencia que realiza la transcripción |
CO-MdFUSB |
| Idioma de catalogación |
spa |
| Agencia que realiza la modificación |
CO-MdFUSB |
| Convenciones de la descripción |
rda |
| 041 ## - CÓDIGO DE IDIOMA |
| Código de idioma para texto/pista de sonido o título separado |
eng |
| 043 ## - GEOGRAPHIC AREA CODE |
| Geographic area code |
e------ |
| -- |
aw----- |
| -- |
ff----- |
| 082 00 - NÚMERO DE CLASIFICACIÓN DECIMAL DEWEY |
| Número de clasificación |
270.1 |
| Número de la edición del Dewey |
24 |
| Clave de autor-Numero de item |
L719e |
| 100 1# - ASIENTO PRINCIPAL--NOMBRE PERSONAL |
| Nombre personal |
Lietzmann, Hans, |
| Fechas asociadas con el nombre |
1875-1942. |
| Término relacionador |
autor |
| 240 10 - TITULO UNIFORME |
| Título uniforme |
<a href="Geschichte der alten kirche. English">Geschichte der alten kirche. English</a> |
| 245 02 - TÍTULO |
| Título del Material |
A history of the early church / |
| Mención de responsabilidad, etc. |
Hans Lietzmann ; con prefacio y bibliografía por W.H.C. Frend |
| 264 #1 - PRODUCCIÓN, PUBLICACIÓN, DISTRIBUCIÓN, MANUFACTURA, Y COPYRIGHT |
| Lugar de producción, publicación, distribución, manufactura |
London : |
| Nombre del productor, publicador, distribuidor |
Lutterworth Press, |
| Fecha de producción, publicación, distribución, manufactura, o copyright |
℗1960 |
| 264 #4 - PRODUCCIÓN, PUBLICACIÓN, DISTRIBUCIÓN, MANUFACTURA, Y COPYRIGHT |
| Fecha de producción, publicación, distribución, manufactura, o copyright |
©[1960] |
| 300 ## - DESCRIPCIÓN FÍSICA |
| Extensión |
4 v. in 2 (ix, 1121 p.) ; |
| Dimensiones |
22 cm. |
| Otros detalles físicos |
: |
| 336 ## - TIPO DE CONTENIDO |
| Fuente |
rdacontent |
| Término de tipo de contenido |
|
| Código de tipo de contenido |
|
| 337 ## - TIPO DE MEDIO |
| Fuente |
rdamedia |
| Nombre del tipo de medio |
|
| Código del tipo de medio |
|
| 338 ## - TIPO DE SOPORTE |
| Fuente |
rdacarrier |
| Nombre del tipo de soporte |
|
| Código Tipo de soporte |
|
| 490 2# - MENCIÓN DE SERIE |
| Mención de serie |
A History of the Early Church |
| 500 ## - NOTA GENERAL |
| Nota General |
Originally published: Cleveland : World Pub. Co., 1961. |
| 501 ## - NOTA DE “CON” |
| Nota de Contenido |
Incluye índices (Vol. III p. 334- 340, Vol. IV 208- 212) |
| 504 ## - NOTA DE BIBLIOGRAFÍA, ETC. |
| Nota de bibliografía, etc |
Incluye bibliografía (Vol. III p. 331-333) |
| 505 ## - NOTA DE CONTENIDO |
| Nota de contenido con formato preestablecido |
Vol. III -- 1. Caída y reconstrucción del imperio -- 2. La victoria final de la iglesia cristiana -- 3. La controversia donatist -- 4. La controversia aria a la muerte de Constantino -- 5. Constantine -- 6. El espíritu de la edad de Constantino -- 7. Los sucesores de Constantino -- 8. Constantino como único emperador -- 9. El espíritu de la época siguiente a Constantino -- 10. Juliano -- 11. Adoración |
| 505 ## - NOTA DE CONTENIDO |
| Nota de contenido con formato preestablecido |
Vol. IV -- 1. Joviano, Valentiniano y Valente -- 2. Teodosio I y el final de la controversia arriana -- 3. La Iglesia occidental bajo Valentiniano I y Graciano -- 4. Ambrosio y Teodosio -- 5. Cristianismo popular en el siglo IV -- 6. Monaquismo |
| 650 #0 - ASIENTO SECUNDARIO DE MATERIA - TERMINO TEMÁTICO |
| Término temático o nombre geográfico como elemento de entrada |
Church history |
| Subdivisión cronológica |
Primitive and early church, ca. 30-600. |
| 906 ## - LOCAL DATA ELEMENT F, LDF (RLIN) |
| a |
7 |
| b |
cbc |
| c |
orignew |
| d |
2 |
| e |
ncip |
| f |
19 |
| g |
y-gencatlg |
| 942 ## - TIPO DE MATERIAL (KOHA) |
| Tipo de Item KOHA |
Libros General |